Aux camélias valse /

Hlavní autor: Sedláčková-Urbanová, Anna
Jazyk: Nelze použít, není lingvistický obsah
Vydáno: Prague : Urbánek, 1919
Fyzický popis: 5 s.
Hudebniny Hudebniny
Uloženo v:
LEADER 00690ncm a22002172a 4500
001 001226532
003 CZ BrMZK
005 20150126115409.0
007 qu
008 120626s1919 xr |||||||||||||||||zxx d
040 |a BOA001  |b cze 
072 7 |a 786  |x Hudba pro klávesové nástroje  |2 Konspekt  |9 9 
100 1 |a Sedláčková-Urbanová, Anna  |7 mzk2015856092  |4 cmp 
245 1 0 |a Aux camélias  |h [hudebnina] :  |b valse /  |c A. Sedláčková-Urbanová 
260 |a Prague :  |b Urbánek,  |c 1919 
300 |a 5 s. 
500 |a Pro klavír 
910 |a BOA001  |b Mus4-0616.527 
990 |a MU 
991 |b 201206 
996 6 |b 2619091285  |c Mus4-0616.527  |l MZK  |r Sklad / do 1 hodiny  |n 0  |w 001260421  |u 000010  |a 1  |e BOA001  |j MZK50  |s P